000 00622nam a2200229Ia 4500
005 20250425162837.0
008 250425s9999 xx 000 0 und d
020 _a9780134448237
041 _aeng
082 _a005.13
_pDEI
100 _aDeitel, Harvey M.
245 0 _aC + + : how to program
_cPaul Deitel y Harvey Deitel
250 _aTent edition
260 _aHoboken, New Yersey
_bPearson
_c2017
300 _a1034 páginas
_c23.5 cm.
500 _aIncluye índice
650 _a C (Computer program language)
700 _aDeitel, Harvey
902 _aLibro
_cImpreso
942 _c01
010 _a112501
999 _c237594
_d237594